Statistiques concernant Qui suis-je ? #06

Cliquez ici pour prendre le quiz!

Statistiques générales

  • Ce quiz a été pris 118 fois
  • Le résultat moyen est 4 sur 5

Statistiques - réponses

IndicesPersonnages% Correct
Je suis un célèbre dieu grec.
Je suis le plus jeune enfant de Cronos et de Rhéa.
Ma statue à Olympie, en Grèce, était l'une des Sept Merveilles du monde.
Je suis capable de déclencher le tonnerre et la foudre et je règne sur le ciel, la terre et les Hommes.
Je suis...
Zeus
94%
Mon vrai nom est Gandhi Djuna.
Je suis né au Congo.
L'un de mes frère est le rappeur Dadju, et je suis moi-même un rappeur.
J'ai fait mes débuts avec Black M dans la groupe Sexion d'Assaut.
Je suis...
Gims
89%
Je suis un personnage de roman de sorcier.
J'ai des cheveux roux.
Je suis le sixième enfant de ma fratrie de sept.
J'ai un rat de compagnie et une peur panique des araignées.
Je suis...
Ron Weasley
80%
Je suis l'héroïne d'un film d'animation.
J'ai de long cheveux brun.
Je vis sur une île du Pacifique.
J'ai pour ami un cochon et un coq.
C'est la chanteuse Cerise Calixte qui m'a doublée.
Je suis...
Vaiana
71%
J'ai régné 66 ans.
J'ai eu une centaine d'enfant.
Ma femme préférée était Néfertari.
Mon nom fait référence au dieu du Soleil Râ.
On me surnomme le pharaon bâtisseur, et on me doit les deux temples d'Abou Simbel taillés dans des falaises surplombant le Nil.
Je suis...
Ramsès II
67%

Distribution des résultats

Percentile par nombre de réponses

% des personnes avec chaque résultat

Votre développement - résultats

Vous n’avez pas pris ce quiz